Stacje i przystanki osobowe obsługiwane przez PKP Intercity - Statystyki

Ogólne statystyki
  • Ten quiz został rozwiązany 138 razy
    116 od ostatniego zresetowania
  • Średni wynik to 147 z 423
Statystyki odpowiedzi
Województwo Inne Stacja % Poprawnych
pomorskie Gdańsk Główny
82%
pomorskie Gdynia Główna
80%
zachodniopomorskie Szczecin Główny
80%
pomorskie Gdańsk Wrzeszcz
78%
wielkopolskie Koło
78%
warmińsko-mazurskie Olsztyn Główny
78%
pomorskie Sopot
78%
śląskie Katowice
75%
wielkopolskie Poznań Główny
75%
mazowieckie Warszawa Centralna
75%
mazowieckie Warszawa Wschodnia
75%
kujawsko-pomorskie Bydgoszcz Główna
73%
małopolskie Tarnów
73%
śląskie Gliwice
71%
pomorskie sezonowo Hel
71%
opolskie Opole Główne
71%
zachodniopomorskie Świnoujście
71%
kujawsko-pomorskie Toruń Główny
71%
mazowieckie Warszawa Zachodnia
71%
dolnośląskie Wrocław Główny
71%
śląskie Zabrze
71%
warmińsko-mazurskie Ełk
69%
zachodniopomorskie Kołobrzeg
69%
małopolskie Kraków Główny
69%
pomorskie Malbork
69%
podkarpackie Rzeszów Główny
69%
podlaskie Białystok
67%
pomorskie Gdańsk Oliwa
67%
lubelskie Lublin Główny
67%
lubuskie Zielona Góra Główna
67%
śląskie Dąbrowa Górnicza
65%
pomorskie sezonowo Jastarnia
65%
pomorskie Tczew
65%
śląskie Bielsko-Biała Główna
63%
śląskie Częstochowa
63%
wielkopolskie Kalisz
63%
zachodniopomorskie Koszalin
63%
łódzkie Łódź Fabryczna
63%
łódzkie Łódź Kaliska
63%
łódzkie Łódź Widzew
63%
pomorskie Słupsk
63%
śląskie Sosnowiec Główny
63%
opolskie Brzeg
61%
warmińsko-mazurskie Elbląg
61%
mazowieckie Radom Główny
61%
śląskie Tychy
61%
pomorskie sezonowo Władysławowo
61%
małopolskie Zakopane
61%
warmińsko-mazurskie Giżycko
59%
lubuskie Gorzów Wielkopolski
59%
dolnośląskie Jelenia Góra
59%
łódzkie Kutno
59%
pomorskie Lębork
59%
małopolskie Nowy Targ
59%
śląskie Rybnik
59%
podlaskie Suwałki
59%
zachodniopomorskie Szczecin Dąbie
59%
pomorskie Ustka
59%
śląskie Zawiercie
59%
śląskie Bytom
57%
lubelskie Chełm
57%
warmińsko-mazurskie Iława Główna
57%
kujawsko-pomorskie Inowrocław
57%
opolskie Kędzierzyn-Koźle
57%
świętokrzyskie Kielce Główne
57%
wielkopolskie Konin
57%
dolnośląskie Legnica
57%
podkarpackie Przemyśl Główny
57%
pomorskie Rumia
57%
zachodniopomorskie Stargard
57%
zachodniopomorskie Szczecinek
57%
kujawsko-pomorskie Włocławek
57%
małopolskie Kraków Płaszów
55%
wielkopolskie Leszno
55%
dolnośląskie Lubin
55%
lubelskie Zamość
55%
pomorskie sezonowo Łeba
53%
zachodniopomorskie Międzyzdroje
53%
opolskie Nysa
53%
mazowieckie Płock
53%
pomorskie sezonowo Puck
53%
wielkopolskie Gniezno
51%
łódzkie Koluszki
51%
lubuskie Kostrzyn
51%
dolnośląskie Oława
51%
małopolskie Oświęcim
51%
łódzkie Pabianice
51%
łódzkie Piotrków Trybunalski
51%
mazowieckie Siedlce
51%
łódzkie Sieradz
51%
łódzkie Skierniewice
51%
pomorskie Wejherowo
51%
dolnośląskie Zgorzelec
51%
pomorskie Chojnice
49%
podkarpackie Dębica
49%
śląskie Jaworzno Szczakowa
49%
małopolskie Krynica-Zdrój
49%
łódzkie Łask
49%
śląskie Lubliniec
49%
śląskie Mysłowice
49%
małopolskie Nowy Sącz
49%
łódzkie Zgierz
49%
małopolskie Bochnia
47%
dolnośląskie Głogów
47%
zachodniopomorskie Goleniów
47%
wielkopolskie Krzyż
47%
mazowieckie Legionowo
47%
mazowieckie Mława
47%
wielkopolskie Ostrów Wielkopolski
47%
wielkopolskie Piła Główna
47%
łódzkie Radomsko
47%
dolnośląskie Wałbrzych Główny
47%
wielkopolskie Września
47%
mazowieckie Żyrardów
47%
podlaskie Augustów
45%
lubelskie Biała Podlaska
45%
zachodniopomorskie Białogard
45%
śląskie Czechowice-Dziedzice
45%
śląskie Częstochowa Stradom
45%
zachodniopomorskie sezonowo Gryfice
45%
podkarpackie Krosno
45%
łódzkie Łowicz Główny
45%
śląskie Myszków
45%
śląskie Tarnowskie Góry
45%
łódzkie Tomaszów Mazowiecki
45%
kujawsko-pomorskie Aleksandrów Kujawski
43%
warmińsko-mazurskie Działdowo
43%
kujawsko-pomorskie Grudziądz
43%
zachodniopomorskie Gryfino
43%
wielkopolskie Jarocin
43%
opolskie Kluczbork
43%
lubelskie Łuków
43%
śląskie Racibórz
43%
lubuskie Rzepin
43%
podkarpackie Sanok
43%
pomorskie Starogard Gdański
43%
małopolskie Trzebinia
43%
podlaskie Bielsk Podlaski
41%
podlaskie Hajnówka
41%
pomorskie sezonowo Jurata
41%
podkarpackie Łańcut
41%
łódzkie Łódź Chojny
41%
pomorskie Pruszcz Gdański
41%
zachodniopomorskie Sławno
41%
wielkopolskie Środa Wielkopolska
41%
podkarpackie Tarnobrzeg
41%
lubelskie Terespol
41%
dolnośląskie Wrocław Mikołajów
41%
łódzkie Zduńska Wola
41%
śląskie Żywiec
41%
mazowieckie Ciechanów
39%
lubelskie Dęblin
39%
małopolskie Krzeszowice
39%
zachodniopomorskie Łobez
39%
lubelskie Lublin Zachodni
39%
wielkopolskie Nowy Tomyśl
39%
podkarpackie Przeworsk
39%
śląskie Pszczyna
39%
lubelskie Puławy Miasto
39%
zachodniopomorskie Świdwin
39%
łódzkie Wieluń
39%
świętokrzyskie Włoszczowa
39%
mazowieckie Grodzisk Mazowiecki
37%
podkarpackie Jasło
37%
dolnośląskie Kłodzko Główne
37%
pomorskie Kwidzyn
37%
warmińsko-mazurskie Olsztyn Zachodni
37%
wielkopolskie Pleszew
37%
świętokrzyskie Sędziszów
37%
dolnośląskie sezonowo Szklarska Poręba Górna
37%
kujawsko-pomorskie Toruń Wschodni
37%
wielkopolskie Zbąszyń
37%
wielkopolskie Kępno
35%
dolnośląskie Kłodzko Miasto
35%
wielkopolskie Kościan
35%
małopolskie Miechów
35%
mazowieckie Nowy Dwór Mazowiecki
35%
warmińsko-mazurskie Ostróda
35%
mazowieckie Piaseczno
35%
świętokrzyskie Sandomierz
35%
świętokrzyskie Skarżysko-Kamienna
35%
mazowieckie Sochaczew
35%
opolskie Strzelce Opolskie
35%
wielkopolskie Swarzędz
35%
kujawsko-pomorskie Toruń Miasto
35%
zachodniopomorskie Wałcz
35%
mazowieckie Warka
35%
śląskie Wodzisław Śląski
35%
lubuskie Zbąszynek
35%
małopolskie Brzesko Okocim
33%
kujawsko-pomorskie Bydgoszcz Wschód
33%
śląskie Chałupki
33%
zachodniopomorskie Chojna
33%
zachodniopomorskie Choszczno
33%
podkarpackie Jarosław
33%
lubelskie Kraśnik
33%
lubelskie Lubartów
33%
lubuskie Nowa Sól
33%
dolnośląskie Oborniki Śląskie
33%
warmińsko-mazurskie Olsztynek
33%
łódzkie Opoczno Południe
33%
świętokrzyskie Ostrowiec Świętokrzyski
33%
wielkopolskie Rawicz
33%
wielkopolskie Słupca
33%
dolnośląskie Bolesławiec
31%
lubelskie Hrubieszów Miasto
31%
łódzkie Łęczyca
31%
mazowieckie Mińsk Mazowiecki
31%
warmińsko-mazurskie Morąg
31%
małopolskie Muszyna
31%
wielkopolskie Opalenica
31%
podlaskie Sokółka
31%
małopolskie Sucha Beskidzka
31%
lubuskie Świebodzin
31%
mazowieckie Tłuszcz
31%
zachodniopomorskie sezonowo Trzebiatów
31%
dolnośląskie Wałbrzych Miasto
31%
podlaskie Białystok Zielone Wzgórza
29%
kujawsko-pomorskie Bydgoszcz Leśna
29%
pomorskie sezonowo Chałupy
29%
wielkopolskie Chodzież
29%
pomorskie Czersk
29%
warmińsko-mazurskie Korsze
29%
wielkopolskie Krotoszyn
29%
pomorskie sezonowo Kuźnica (Hel)
29%
podlaskie Łapy
29%
kujawsko-pomorskie Laskowice Pomorskie
29%
mazowieckie Małkinia
29%
zachodniopomorskie Mieszkowice
29%
kujawsko-pomorskie Mogilno
29%
lubelskie Nałęczów
29%
wielkopolskie Ostrzeszów
29%
łódzkie Ozorków
29%
mazowieckie Pilawa
29%
warmińsko-mazurskie sezonowo Pisz
29%
wielkopolskie Szamotuły
29%
warmińsko-mazurskie sezonowo Szczytno
29%
mazowieckie Warszawa Służewiec
29%
mazowieckie Wołomin
29%
dolnośląskie Wrocław Nadodrze
29%
wielkopolskie Wronki
29%
śląskie Chorzów Miasto
27%
podlaskie Czeremcha
27%
wielkopolskie Jastrowie
27%
świętokrzyskie Jędrzejów
27%
dolnośląskie Kamieniec Ząbkowicki
27%
warmińsko-mazurskie Kętrzyn
27%
dolnośląskie sezonowo Kudowa-Zdrój
27%
podkarpackie Leżajsk
27%
dolnośląskie Milicz
27%
warmińsko-mazurskie Nidzica
27%
opolskie Prudnik
27%
kujawsko-pomorskie Rypin
27%
podlaskie Siemiatycze
27%
mazowieckie Sierpc
27%
dolnośląskie sezonowo Szklarska Poręba Dolna
27%
śląskie sezonowo Wisła Uzdrowisko
27%
zachodniopomorskie Wysoka Kamieńska
27%
podkarpackie Zagórz
27%
wielkopolskie Złotów
27%
dolnośląskie Żmigród
27%
śląskie Będzin Miasto
25%
lubelskie Biłgoraj
25%
dolnośląskie Brzeg Dolny
25%
śląskie Dąbrowa Górnicza Ząbkowice
25%
lubuskie Dobiegniew
25%
opolskie Gogolin
25%
dolnośląskie Międzylesie
25%
lubuskie Międzyrzecz
25%
podlaskie Mońki
25%
zachodniopomorskie sezonowo Nowogard
25%
wielkopolskie Oborniki Wielkopolskie Miasto
25%
opolskie Olesno Śląskie
25%
lubelskie Parczew
25%
pomorskie Prabuty
25%
dolnośląskie Strzelin
25%
lubuskie Sulechów
25%
dolnośląskie Świebodzice
25%
zachodniopomorskie Ustronie Morskie
25%
kujawsko-pomorskie Wąbrzeźno
25%
świętokrzyskie Włoszczowa Północ
25%
dolnośląskie Wołów
25%
śląskie Zebrzydowice
25%
kujawsko-pomorskie Brodnica
24%
dolnośląskie Bystrzyca Kłodzka
24%
podlaskie Grajewo
24%
dolnośląskie Jaworzyna Śląska
24%
dolnośląskie Oleśnica Rataje
24%
opolskie Paczków
24%
warmińsko-mazurskie Pasłęk
24%
podkarpackie Przemyśl Zasanie
24%
małopolskie Sucha Beskidzka Zamek
24%
dolnośląskie Węgliniec
24%
dolnośląskie Ząbkowice Śląskie
24%
łódzkie sezonowo Zduńska Wola Karsznice
24%
dolnośląskie Zgorzelec Miasto
24%
lubuskie Babimost
22%
opolskie Byczyna Kluczborska
22%
lubelskie Dorohusk
22%
lubuskie Gorzów Wielkopolski Wschodni
22%
kujawsko-pomorskie Inowrocław Rąbinek
22%
zachodniopomorskie Kalisz Pomorski
22%
małopolskie Kalwaria Zebrzydowska Lanckorona
22%
podkarpackie Kolbuszowa
22%
małopolskie Maków Podhalański
22%
mazowieckie Mrozy
22%
kujawsko-pomorskie Nakło nad Notecią
22%
opolskie Otmuchów
22%
mazowieckie Pionki Zachodnie
22%
wielkopolskie Rogoźno Wielkopolskie
22%
podkarpackie Stalowa Wola Centrum
22%
podkarpackie Stalowa Wola Rozwadów
22%
małopolskie Stary Sącz
22%
dolnośląskie Świdnica Miasto
22%
dolnośląskie sezonowo Szklarska Poręba Średnia
22%
pomorskie Sztum
22%
podlaskie Trakiszki
22%
lubelskie Zamość Wschód
22%
małopolskie Chabówka Stadion
20%
małopolskie Chrzanów Śródmieście
20%
opolskie Głogówek
20%
kujawsko-pomorskie Jabłonowo Pomorskie
20%
dolnośląskie sezonowo Jelenia Góra Cieplice
20%
podkarpackie Nisko
20%
dolnośląskie sezonowo Piechowice
20%
dolnośląskie sezonowo Polanica-Zdrój
20%
małopolskie Poronin
20%
lubelskie Rejowiec
20%
warmińsko-mazurskie sezonowo Ruciane-Nida
20%
dolnośląskie Sędzisław
20%
śląskie sezonowo Skoczów
20%
lubuskie Skwierzyna
20%
kujawsko-pomorskie Solec Kujawski
20%
lubelskie Świdnik Miasto
20%
dolnośląskie sezonowo Szczytna
20%
podlaskie Szepietowo
20%
dolnośląskie Twardogóra
20%
lubelskie Zamość Starówka
20%
lubelskie Chełm Miasto
18%
dolnośląskie Chojnów
18%
dolnośląskie sezonowo Duszniki-Zdrój
18%
dolnośląskie Dzierżoniów Śląski
18%
mazowieckie Gostynin
18%
łódzkie Łodź Żabieniec
18%
podkarpackie Ropczyce
18%
zachodniopomorskie Runowo Pomorskie
18%
dolnośląskie Ścinawa
18%
podkarpackie Sędziszów Małopolski
18%
pomorskie Smętowo
18%
lubelskie Szczebrzeszyn
18%
wielkopolskie Trzcianka
18%
małopolskie Tuchów
18%
lubuskie Witnica
18%
opolskie Zdzieszowice
18%
wielkopolskie Babiak
16%
zachodniopomorskie Chociwel
16%
podlaskie Czyżew
16%
małopolskie Grybów
16%
mazowieckie Łochów
16%
małopolskie Muszyna Zdrój
16%
kujawsko-pomorskie Piotrków Kujawski
16%
małopolskie Piwniczna-Zdrój
16%
zachodniopomorskie sezonowo Płoty
16%
podkarpackie Radymno
16%
małopolskie sezonowo Zator Park Rozrywki
16%
dolnośląskie sezonowo Ziębice
16%
małopolskie Bogoniowice Ciężkowice
14%
podlaskie Dąbrowa Białostocka
14%
łódzkie Drzewica
14%
śląskie Koniecpol
14%
wielkopolskie Krajenka
14%
lubelskie Małaszewicze
14%
lubelskie Miedzyrzec Podlaski
14%
podkarpackie Nowa Dęba
14%
dolnośląskie Nowa Ruda
14%
dolnośląskie Pieńsk
14%
lubelskie Radzyń podlaski
14%
śląskie sezonowo Ustroń Zdrój
14%
łódzkie Wieruszów Miasto
14%
wielkopolskie Wyrzysk Osiek
14%
lubelskie Zawada
14%
małopolskie Bobowa-Miasto
12%
pomorskie Czarna Woda
12%
małopolskie Gorlice Zagórzany
12%
dolnośląskie Jedlina-Zdrój
12%
śląskie Jeleśnia
12%
kujawsko-pomorskie Kowalewo Pomorskie
12%
lubuskie Nowe Drezdenko
12%
podlaskie Osowiec
12%
mazowieckie Przysucha
12%
małopolskie Rytro
12%
śląskie sezonowo Ustroń Polana
12%
lubuskie Zwierzyn
12%
małopolskie Biecz
10%
śląskie sezonowo Goleszów
10%
pomorskie Kaliska
10%
lubelskie Krasnystaw Miasto
10%
wielkopolskie Lipka Krajeńska
10%
mazowieckie Niemojki
10%
zachodniopomorskie Recz Pomorski
10%
świętokrzyskie Starachowice Wschodnie
10%
lubelskie Werbkowice
10%
małopolskie Żegiestów-Zdrój
10%
podkarpackie Jedlicze
8%
śląskie Krzepice
8%
pomorskie Łąg
8%
podkarpackie Nowa Sarzyna
8%
podlaskie Nurzec
8%
mazowieckie Sarnaki
8%
wielkopolskie Wieleń
8%
podkarpackie Rudnik nad Sanem
6%
podkarpackie Targowiska
6%
zachodniopomorskie Tuczno Krajeńskie
6%
podkarpackie Zaklików
6%
lubelskie Zwierzyniec
6%
lubelskie Chotyłów
4%
lubelskie Izbica
4%
małopolskie Stróże
4%
lubelskie Tereszpol Biłgorajski
4%
małopolskie Łomnica-Zdrój
2%
małopolskie Wierchomla Wielka
2%
podkarpackie Wróblik Szlachecki
2%
podkarpackie Zarszyn
2%
Nie znaleziono quizów pasujących do podanych kryteriów
Rozkład punktacji
Procent ludzi z każdym wynikiem
Percentyl według liczby udzielonych odpowiedzi
Twoja historia wyników
Nie rozwiązałeś tego quizu od ostatniego zresetowania